[Event "Valasska Bystrice op 11th"]
[Site "Valasska Bystrice"]
[Date "2019.09.13"]
[Round "8"]
[White "Klima, Tomas"]
[Black "Vanicek, Jan"]
[Result "0-1"]
[WhiteElo "1376"]
[BlackElo "1713"]
[PlyCount "90"]
[EventDate "2019.09.07"]
[EventType "swiss"]
[EventRounds "9"]
[EventCountry "CZE"]
[SourceTitle "EXT 2020"]
[Source "ChessBase"]
[SourceDate "2019.10.17"]
[SourceVersion "1"]
[SourceVersionDate "2019.10.17"]
[SourceQuality "1"]

1. e4 c5 2. Nf3 Nc6 3. d4 cxd4 4. Nxd4 d6 5. Nc3 e5 6. Nb3 Nf6 7. f3 Be6 8. Be3 Be7 9. Be2 0-0 10. 0-0 a6 11. a3 Qc7 12. Nd5 Bxd5 13. exd5 Na5 14. Rc1 Nc4 15. Bxc4 Qxc4 16. Na5 Qxd5 17. b4 Qb5 18. c4 Qd7 19. Bg5 b6 20. Nb3 Rfd8 21. Bxf6 Bxf6 22. Nd2 Qe6 23. Ne4 Be7 24. Qd5 Qxd5 25. cxd5 f5 26. Ng3 g6 27. Rc6 Bg5 28. Kf2 Rab8 29. Re1 Kf8 30. Re2 Ke8 31. Rec2 Rd7 32. Ne2 Bd8 33. f4 Ke7 34. fxe5 dxe5 35. Re6+ Kf7 36. Rxe5 Bf6 37. Re6 Rxd5 38. Rec6 Be5 39. a4 a5 40. b5 Bd6 41. g3 Bc5+ 42. Kg2 Rb7 43. Nf4 Rd1 44. Ne6 Bb4 45. Nd8+ Rxd8 0-1

[Event "Valasska Bystrice op 11th"]
[Site "Valasska Bystrice"]
[Date "2019.09.12"]
[Round "7"]
[White "Vanicek, Jan"]
[Black "Divis, Jan"]
[Result "1/2-1/2"]
[WhiteElo "1713"]
[BlackElo "1536"]
[PlyCount "88"]
[EventDate "2019.09.07"]
[EventType "swiss"]
[EventRounds "9"]
[EventCountry "CZE"]
[SourceTitle "EXT 2020"]
[Source "ChessBase"]
[SourceDate "2019.10.17"]
[SourceVersion "1"]
[SourceVersionDate "2019.10.17"]
[SourceQuality "1"]

1. d4 Nf6 2. Nf3 d5 3. Bf4 e6 4. e3 c6 5. Bd3 Bd6 6. Bxd6 Qxd6 7. Nc3 Nbd7 8. Qd2 0-0 9. h3 e5 10. dxe5 Nxe5 11. Nxe5 Qxe5 12. 0-0-0 Re8 13. g4 b5 14. Ne2 a5 15. Nd4 Bd7 16. Nf5 Bxf5 17. Bxf5 g6 18. Bd3 Ne4 19. Bxe4 dxe4 20. Qd6 Qe6 21. b3 a4 22. Kb2 axb3 23. axb3 Qxd6 24. Rxd6 Re6 25. Rxe6 fxe6 26. Kc3 c5 27. Rd1 Rf8 28. Rd6 Rf6 29. Rb6 b4+ 30. Kc4 Rxf2 31. Kxc5 Rxc2+ 32. Kd4 Rh2 33. Rxe6 Rxh3 34. Rxe4 h5 35. gxh5 gxh5 36. Kc5 Kf7 37. Kxb4 Kf6 38. Kc5 Kf5 39. Re8 h4 40. b4 Rh1 41. Kc6 h3 42. Kb6 Rb1 43. Rh8 Rxb4+ 44. Kc5 Rg4 1/2-1/2

[Event "Valasska Bystrice op 11th"]
[Site "Valasska Bystrice"]
[Date "2019.09.08"]
[Round "2"]
[White "Smutek, Jiri"]
[Black "Vanicek, Jan"]
[Result "1/2-1/2"]
[WhiteElo "1521"]
[BlackElo "1713"]
[PlyCount "51"]
[EventDate "2019.09.07"]
[EventType "swiss"]
[EventRounds "9"]
[EventCountry "CZE"]
[SourceTitle "EXT 2020"]
[Source "ChessBase"]
[SourceDate "2019.10.17"]
[SourceVersion "1"]
[SourceVersionDate "2019.10.17"]
[SourceQuality "1"]

1. e4 c5 2. Nf3 Nc6 3. d4 cxd4 4. Nxd4 d6 5. Nc3 Nf6 6. Be3 e5 7. Nxc6 bxc6 8. Be2 Be7 9. 0-0 0-0 10. Rb1 Be6 11. f4 exf4 12. Bxf4 Qc7 13. Bf3 Nd7 14. Re1 Ne5 15. Bxe5 dxe5 16. Bg4 Bc4 17. Be2 Rad8 18. Qc1 Qb6+ 19. Kh1 Be6 20. Bd3 h6 21. Qe3 Qc7 22. a3 c5 23. Nd5 Bxd5 24. exd5 Rxd5 25. Qe4 Rxd3 26. Qxd3 1/2-1/2

[Event "Valasska Bystrice op 11th"]
[Site "Valasska Bystrice"]
[Date "2019.09.07"]
[Round "1"]
[White "Vanicek, Jan"]
[Black "Lys, Josef"]
[Result "0-1"]
[WhiteElo "1713"]
[BlackElo "2177"]
[PlyCount "72"]
[EventDate "2019.09.07"]
[EventType "swiss"]
[EventRounds "9"]
[EventCountry "CZE"]
[SourceTitle "EXT 2020"]
[Source "ChessBase"]
[SourceDate "2019.10.17"]
[SourceVersion "1"]
[SourceVersionDate "2019.10.17"]
[SourceQuality "1"]

1. d4 Nf6 2. Nf3 g6 3. c4 c5 4. d5 b5 5. cxb5 a6 6. bxa6 Bxa6 7. e3 Bxf1 8. Kxf1 d6 9. Nc3 Bg7 10. g3 0-0 11. Kg2 Qb6 12. Rb1 Nbd7 13. Qc2 Rfb8 14. Bd2 Ng4 15. h3 Nge5 16. Nxe5 Nxe5 17. Na4 Qb7 18. Nc3 Nc4 19. e4 Nxd2 20. Qxd2 Qb4 21. a3 Bxc3 22. Qxc3 Qxe4+ 23. Qf3 Qxf3+ 24. Kxf3 Rb3+ 25. Kg2 Rab8 26. Rhe1 Kf8 27. Re3 Rxb2 28. Rbe1 R8b7 29. R1e2 Rxe2 30. Rxe2 Ra7 31. Re3 Ra4 32. Rd3 Ke8 33. Kf3 Kd7 34. Ke3 e6 35. f4 exd5 36. Rxd5 Rxa3+ 0-1

[Event "Valasska Bystrice op"]
[Site "Valasska Bystrice"]
[Date "2016.09.16"]
[Round "8"]
[White "Vanicek, Jan"]
[Black "Bartik, Gustav"]
[Result "1-0"]
[WhiteElo "1716"]
[BlackElo "1469"]
[PlyCount "47"]
[EventDate "2016.09.10"]
[EventType "swiss"]
[EventRounds "9"]
[EventCountry "CZE"]
[SourceTitle "CBM 174 Extra"]
[Source "ChessBase"]
[SourceDate "2016.10.10"]
[SourceVersion "1"]
[SourceVersionDate "2016.10.10"]
[SourceQuality "1"]

1. f4 Nf6 2. Nc3 Nc6 3. e4 d6 4. d4 e6 5. Nf3 Be7 6. h3 b6 7. Bd3 Nb4 8. Be3 Nxd3+ 9. cxd3 c5 10. 0-0 0-0 11. Qe2 Re8 12. Qf2 Nh5 13. Ng5 Nf6 14. e5 Nd5 15. Bd2 f6 16. Nf3 Rf8 17. Rae1 fxe5 18. Nxd5 exd5 19. dxe5 d4 20. Qg3 Bf5 21. exd6 Qxd6 22. Ne5 Bf6 23. Ng4 Rae8 24. Nh6+ 1-0

[Event "Valasska Bystrice op"]
[Site "Valasska Bystrice"]
[Date "2016.09.15"]
[Round "7"]
[White "Kunc, Miroslav"]
[Black "Vanicek, Jan"]
[Result "1/2-1/2"]
[WhiteElo "1553"]
[BlackElo "1716"]
[PlyCount "111"]
[EventDate "2016.09.10"]
[EventType "swiss"]
[EventRounds "9"]
[EventCountry "CZE"]
[SourceTitle "CBM 174 Extra"]
[Source "ChessBase"]
[SourceDate "2016.10.10"]
[SourceVersion "1"]
[SourceVersionDate "2016.10.10"]
[SourceQuality "1"]

1. e4 c6 2. d4 d5 3. Nc3 dxe4 4. Nxe4 Bf5 5. Ng3 Bg6 6. Nf3 Nd7 7. Bc4 e6 8. 0-0 Ngf6 9. c3 Bd6 10. Re1 0-0 11. Bg5 Qb6 12. Bb3 a5 13. a4 Nh5 14. Ne5 Nxe5 15. dxe5 Bc5 16. Be3 Nxg3 17. Bxc5 Qxc5 18. hxg3 Rfd8 19. Qc1 Rd7 20. Qe3 Qxe3 21. Rxe3 Rd2 22. Ra2 Rad8 23. Kf1 Bb1 24. Ra1 Rxb2 25. Bc4 Rd1+ 26. Re1 Bd3+ 27. Bxd3 Rxd3 28. Rab1 Rxb1 29. Rxb1 Rd7 30. Ke2 Kf8 31. g4 Ke8 32. g5 f6 33. exf6 gxf6 34. gxf6 Kf7 35. c4 Kxf6 36. c5 Ke7 37. Rh1 Kd8 38. Ke3 Kc7 39. Ke4 b6 40. cxb6+ Kxb6 41. Rh6 Rd2 42. Rxh7 Rxf2 43. g4 Rg2 44. Kf4 e5+ 45. Kf5 Kc5 46. Re7 Kb4 47. Rxe5 Kxa4 48. Rc5 Kb4 49. Rxc6 a4 50. g5 a3 51. g6 a2 52. Ra6 Kb3 53. Kf6 Kb2 54. Rb6+ Kc1 55. Ra6 Kb1 56. g7 1/2-1/2

[Event "Valasska Bystrice op"]
[Site "Valasska Bystrice"]
[Date "2016.09.11"]
[Round "3"]
[White "Jerabkova, Julia"]
[Black "Vanicek, Jan"]
[Result "1-0"]
[WhiteElo "1596"]
[BlackElo "1716"]
[PlyCount "49"]
[EventDate "2016.09.10"]
[EventType "swiss"]
[EventRounds "9"]
[EventCountry "CZE"]
[SourceTitle "CBM 174 Extra"]
[Source "ChessBase"]
[SourceDate "2016.10.10"]
[SourceVersion "1"]
[SourceVersionDate "2016.10.10"]
[SourceQuality "1"]

1. c4 e5 2. Nc3 Nf6 3. g3 c6 4. e3 d5 5. cxd5 cxd5 6. Bg2 e4 7. Nge2 Bd7 8. 0-0 Bc6 9. d3 Be7 10. Qc2 exd3 11. Qxd3 Na6 12. Rd1 Qa5 13. Bd2 Nb4 14. Qf5 Rd8 15. a3 Bd7 16. Qe5 Nc6 17. Nxd5 Qxd2 18. Qxe7+ Nxe7 19. Nxf6+ gxf6 20. Rxd2 Nc6 21. Rad1 Ke7 22. Nf4 h6 23. Nd5+ Ke6 24. Nxf6 Ne5 25. Nxd7 1-0

[Event "Valasska Bystrice op"]
[Site "Valasska Bystrice"]
[Date "2016.09.11"]
[Round "2"]
[White "Vanicek, Jan"]
[Black "Stefek, Jan"]
[Result "1/2-1/2"]
[WhiteElo "1716"]
[BlackElo "1582"]
[PlyCount "47"]
[EventDate "2016.09.10"]
[EventType "swiss"]
[EventRounds "9"]
[EventCountry "CZE"]
[SourceTitle "CBM 174 Extra"]
[Source "ChessBase"]
[SourceDate "2016.10.10"]
[SourceVersion "1"]
[SourceVersionDate "2016.10.10"]
[SourceQuality "1"]

1. d4 Nf6 2. Bg5 e6 3. e4 Be7 4. Bd3 d6 5. Ne2 0-0 6. Qd2 b6 7. Nbc3 Nbd7 8. Ng3 Bb7 9. f3 c5 10. dxc5 Nxc5 11. Be2 a6 12. 0-0-0 Ncd7 13. h4 Qc7 14. Rh3 Rad8 15. h5 Rfe8 16. h6 g6 17. Nh5 gxh5 18. Rg3 Kh8 19. Qf4 Rg8 20. Bd3 Rg6 21. Qh4 Ne5 22. Ne2 Rdg8 23. Nf4 Qd8 24. Nxg6+ 1/2-1/2

[Event "Valasska Bystrice op"]
[Site "Valasska Bystrice"]
[Date "2016.09.10"]
[Round "1"]
[White "Volodin, Viktor Nikolaevich"]
[Black "Vanicek, Jan"]
[Result "1-0"]
[WhiteElo "2174"]
[BlackElo "1716"]
[PlyCount "59"]
[EventDate "2016.09.10"]
[EventType "swiss"]
[EventRounds "9"]
[EventCountry "CZE"]
[SourceTitle "CBM 174 Extra"]
[Source "ChessBase"]
[SourceDate "2016.10.10"]
[SourceVersion "1"]
[SourceVersionDate "2016.10.10"]
[SourceQuality "1"]

1. Nf3 d5 2. d4 Nf6 3. c4 dxc4 4. Nc3 c6 5. a4 Bf5 6. Ne5 Nbd7 7. Nxc4 e6 8. g3 Bb4 9. Bg2 Nd5 10. 0-0 Nxc3 11. bxc3 Be7 12. e4 Bg6 13. Ba3 Nb6 14. Ne5 Bxa3 15. Rxa3 Qd6 16. Ra1 f6 17. a5 Nd7 18. Nc4 Qc7 19. Qb3 0-0 20. f4 Bf7 21. e5 Rab8 22. Nd6 h5 23. Nxf7 Rxf7 24. Qxe6 Nf8 25. Qc4 Re8 26. a6 b5 27. Qxc6 Qxc6 28. Bxc6 Rc8 29. Bd5 Rxc3 30. Rfc1 1-0

[Event "Valasska Bystrice op"]
[Site "Valasska Bystrice"]
[Date "2014.09.20"]
[Round "9"]
[White "Rucka, Jiri"]
[Black "Vanicek, Jan"]
[Result "0-1"]
[WhiteElo "1544"]
[BlackElo "1703"]
[PlyCount "96"]
[EventDate "2014.09.13"]
[EventType "swiss"]
[EventRounds "9"]
[EventCountry "CZE"]
[SourceTitle "CBM 162 Extra"]
[Source "ChessBase"]
[SourceDate "2014.10.17"]
[SourceVersion "1"]
[SourceVersionDate "2014.10.17"]
[SourceQuality "1"]

1. e4 d5 2. exd5 Nf6 3. Nf3 Bg4 4. Bc4 Nxd5 5. 0-0 e6 6. h3 Bh5 7. d3 Bd6 8. Bg5 Nf6 9. Nc3 h6 10. Bh4 g5 11. Bg3 Bxg3 12. fxg3 Nbd7 13. Qd2 Qe7 14. Nb5 Qc5+ 15. Kh2 a6 16. Nc3 0-0-0 17. a3 g4 18. b4 Qd6 19. Nh4 Rdg8 20. Qf4 Rg5 21. Qxd6 cxd6 22. Rg1 Ne5 23. Raf1 Nfd7 24. Ne4 d5 25. Bxd5 exd5 26. Nxg5 hxg5 27. Nf5 gxh3 28. Nd4 hxg2 29. Kxg2 Bg6 30. Rh1 Rxh1 31. Kxh1 Kc7 32. Re1 Kd6 33. Kg2 Nb6 34. Nb3 f6 35. d4 Nec4 36. c3 Be4+ 37. Kf2 Nd7 38. Rc1 Nb2 39. Ke3 Nc4+ 40. Kf2 Nxa3 41. Ra1 Nb5 42. Rc1 f5 43. Ke3 Na3 44. Nd2 Nf6 45. c4 Nc2+ 46. Kf2 Nxd4 47. Nxe4+ Nxe4+ 48. Ke3 Nxg3 0-1

[Event "Valasska Bystrice op"]
[Site "Valasska Bystrice"]
[Date "2014.09.14"]
[Round "2"]
[White "Vanicek, Jan"]
[Black "Svec, Martin"]
[Result "1-0"]
[WhiteElo "1703"]
[BlackElo "1558"]
[PlyCount "69"]
[EventDate "2014.09.13"]
[EventType "swiss"]
[EventRounds "9"]
[EventCountry "CZE"]
[SourceTitle "CBM 162 Extra"]
[Source "ChessBase"]
[SourceDate "2014.10.17"]
[SourceVersion "1"]
[SourceVersionDate "2014.10.17"]
[SourceQuality "1"]

1. d4 d5 2. c4 Nf6 3. Bf4 Nc6 4. e3 g6 5. Nc3 Bg7 6. a3 0-0 7. Bd3 b6 8. Nge2 Re8 9. 0-0 e5 10. dxe5 Nxe5 11. cxd5 Nxd5 12. Bb5 Nxc3 13. Nxc3 Rf8 14. Qc2 Bb7 15. Rad1 Qe7 16. Bxe5 Bxe5 17. Rd7 Qg5 18. f4 Bxf4 19. exf4 Qc5+ 20. Qf2 Qf5 21. Rxc7 Bc8 22. Bc6 Rb8 23. Rxa7 b5 24. Qd4 Be6 25. Nd5 Bxd5 26. Qxd5 Qc2 27. b4 Rbd8 28. Rd7 Rde8 29. Bxb5 Re3 30. a4 Qc3 31. Qd4 Qb3 32. Rd1 Qe6 33. h3 Rg3 34. Kh2 Rb3 35. Bc4 1-0

[Event "Valasska Bystrice op"]
[Site "Valasska Bystrice"]
[Date "2013.09.14"]
[Round "9"]
[White "Vanicek, Jan"]
[Black "Vanhara, Petr"]
[Result "0-1"]
[WhiteElo "1744"]
[BlackElo "1859"]
[PlyCount "82"]
[EventDate "2013.09.07"]
[EventType "swiss"]
[EventRounds "9"]
[EventCountry "CZE"]
[SourceTitle "CBM 156 Extra"]
[Source "ChessBase"]
[SourceDate "2013.10.22"]
[SourceVersion "1"]
[SourceVersionDate "2013.10.22"]
[SourceQuality "1"]

1. d4 d5 2. c4 c6 3. Nc3 Nf6 4. e3 e6 5. Bd3 dxc4 6. Bxc4 b5 7. Bb3 a6 8. Nf3 Nbd7 9. 0-0 Bb7 10. Bd2 c5 11. dxc5 Nxc5 12. Bc2 Bd6 13. Qe2 0-0 14. Rfd1 Qc7 15. h3 b4 16. Na4 Nce4 17. Rac1 Qe7 18. Nb6 Rad8 19. Nc4 Nxd2 20. Rxd2 Bb8 21. Rcd1 Rxd2 22. Rxd2 Bxf3 23. Qxf3 Qc7 24. Bb3 a5 25. Rd4 e5 26. Rh4 e4 27. Rxe4 Nxe4 28. Qxe4 Rc8 29. a4 bxa3 30. bxa3 a4 31. Ba2 Rd8 32. g3 Qd7 33. Kh2 h5 34. h4 Re8 35. Qf3 Qg4 36. Qxf7+ Kxf7 37. Ne5+ Ke7 38. Nxg4 hxg4 39. Bc4 Bd6 40. Bd5 Rd8 41. Be4 Kf6 0-1